| 000 | 01216nam a2200289Ia 4500 | ||
|---|---|---|---|
| 999 |
_c5549 _d5549 |
||
| 003 | OSt | ||
| 005 | 20200626172017.0 | ||
| 008 | 191128s2012 sp ad gr 001 0dspa d | ||
| 020 | _a9788494016103 | ||
| 040 |
_aCO-JMCR _cCO-JMCR |
||
| 041 | 0 | _aspa | |
| 082 | 0 | 4 |
_a330.156 / _bR646k _223 |
| 100 | 1 |
_aRojo, Luis Ángel, _eautor _96265 |
|
| 245 | 1 | 0 |
_aKeynes, su tiempo y el nuestro / _cLuis Ángel Rojo ; prólogo de Julio Segura |
| 250 | _aPrimera edición | ||
| 260 |
_aEspaña : _bEl hombre del tres, _c2012. |
||
| 300 |
_a382 páginas : _bgráficos a blanco y negro ; _c21 cm. |
||
| 490 | 0 |
_aEconomía ; _v2 |
|
| 500 | _aIncluye índice onomástico páginas 377-382. | ||
| 504 | _aIncluye datos biográficos del autor en la solapa. | ||
| 505 | 0 | _aMaynard Keynez: una introducción -- Las consecuencias económicas de la guerra y la paz -- Auri sacra fames -- La lucha contra el paro y las restricciones del patrón oro -- Los años de la "teoría general" -- Los problemas de la guerra | |
| 650 | 1 | 4 |
_aKeynes, John Maynard, _y1883-1946 _96266 |
| 650 | 2 | 4 |
_aCrítica e interpretación _96267 |
| 650 | 2 | 4 |
_aEconomía Keynesiana _94935 |
| 700 | 1 |
_aSegura, Julio, _eprologuista _96268 |
|
| 942 |
_2ddc _cBK |
||